| 000 | 02045cam a22003971a 4500 | ||
|---|---|---|---|
| 001 | 9763296 | ||
| 003 | EG-GICUC | ||
| 005 | 20260309220848.0 | ||
| 008 | 811007m19481954fr ab 000 0 fre | ||
| 010 | _a 49019713 | ||
| 035 | _a9763296 | ||
| 035 | _a(OCoLC)7826039 | ||
| 040 |
_aDLC _cOkLC _dDLC _eRda |
||
| 050 | 0 | 0 |
_aD743 _b.C482 |
| 082 | 0 | 4 |
_221 _a341.9 _bC H . M |
| 092 | 0 | 4 |
_221 _a341.9 |
| 099 | _aLaw1 11 341.9 C H . M 1940 | ||
| 100 | 1 |
_aChurchill, Winston, _d1874-1965. |
|
| 245 | 1 | 0 |
_aMémoires sur la deuxième guerre mondiale II / _cWinston S. Churchill. _nvol. 2 _pL'heure tragique |
| 300 |
_a6 v. in 11. :(vol. 2 387 page) _bill. maps, ; _c23 cm. |
||
| 336 |
_atext _btxt _2rdacontent |
||
| 337 |
_aunmediated _bn _2rdamedia |
||
| 338 |
_avolume _bnc _2rdacarrier |
||
| 500 | _aVolumes 2-6 have title: Mémoires sur la deuxième guerre mondiale. | ||
| 504 | _aBibliography: pages 200-250. 240-220 | ||
| 505 | 0 | _aI. L'orage approche: 1. D'une guerre à l'autre, 1919-1939. 2. La "drôle de guerre," 3 septembre 1939-10 mai 1940.--II. L'heure tragique, mai-décembre 1940: l. La chute de la France. 2. Seules.--III. La grande alliance: l. La Russie envahie, 1. janvier-22 juin 1941. 2. L' Amerique en guerre, 23 juin 1941-17 janvier 1942.--IV. Le tournant du destin: l. La ruée japonaise, 18 janvier-3 juillet 1942. 2. L'Afrique sauvée, 4 juillet 1942-5 juin 1943.--V. L'étau se referme: 1. L'Italie capitule, 6 juin-12 novembre 1943. 2. De Téhéran à Rome, 13 novembre 1943-5 juin 1944.--VI. Triomphe et tragédie: l. La victoire, 6 juin 1944-3 février 1945. 2. Le rideau de fer, 4 février-26 juillet 1945. | |
| 650 | 0 |
_aWorld War, 1939-1945. _2qrmak |
|
| 650 | 0 |
_aWorld War, 1939-1945 _zGreat Britain. _2qrmak |
|
| 651 | 1 | _2qrmak | |
| 856 | 4 | 0 | _uhttps://fll.law.cu.edu.eg/fulltext/bks/B11-09147.pdf |
| 905 | _a15 | ||
| 906 |
_a7 _bcbc _coclcrpl _du _encip _f19 _gy-gencatlg |
||
| 942 |
_2ddc _cBK _e21 _n0 |
||
| 999 |
_c65925 _d65925 |
||